Statistics for Countries by Google auto-complete #3

Click here to take the quiz!

General Stats

  • This quiz has been taken 52 times
  • The average score is 7 of 10

Answer Stats

Answer % Correct
Why is {Iceland} not called Greenland
86%
Why does {Canada} have an NBA team?
84%
Why is {Israel} in eurovision?
84%
Why does {Jamaica} have fast runners
84%
Why does {Serbia} hate kosovo
82%
Why do {Lesotho} and Swaziland exist?
78%
Why does {Singapore} ban gum?
74%
Why is {Egypt} in the middle east?
66%
Why is {Russia} shrinking?
40%
Why does {Fiji} speak hindi?
32%

Score Distribution

Percentile by Number Answered

Percent of People with Each Score

Your Score History

You have not taken this quiz